El mayor de mis defectos y otros cuentos / (Registro nro. 3046)
[ vista simple ]
| 000 -LEADER | |
|---|---|
| fixed length control field | 01426nam a2200205 a 4500 |
| 008 - CAMPO DE CONTROL (LIBRO) | |
| fixed length control field | 190916s2015 a ||||gr|||| 000 1 spa d |
| 020 ## - INTERNATIONAL STANDARD BOOK NUMBER | |
| ISBN | 9789504936756 |
| 041 ## - CODIGO DE IDIOMA | |
| Código de idioma del texto/pista de sonido o título separado | spa |
| 092 ## - SIGNATURA TOPOGRAFICA DEWEY LOCAL | |
| número de clasificación | 808 |
| libristica | 26 |
| sección | FON |
| 100 1# - ENTRADA PRINCIPAL--NOMBRE PERSONAL | |
| Nombre personal | Fontanarrosa, Roberto. |
| 9 (RLIN) | 4089 |
| 245 3# - TITULO PROPIAMENTE DICHO | |
| Título | El mayor de mis defectos y otros cuentos / |
| Mención de responsabilidad y remanente de la transcripción de la portada | Roberto Fontanarrosa. |
| 250 ## - MENCION DE EDICION | |
| Mención de edición | 2a ed. |
| 260 ## - PIE DE IMPRENTA | |
| Lugar de publicación, distribución, etc | Buenos Aires: |
| Nombre de la editorial, distribuidor, etc | Planeta; |
| Fecha de publicación | 2015. |
| 300 ## - DESCRIPCION FISICA | |
| Extension | 280 p. |
| Otros detalles físicos | 21x13cm |
| 500 ## - NOTA GENERAL | |
| Nota general | Fontanarrosa, R. (2015). El mayor de mis defectos y otros cuentos. (2a ed.). Buenos Aires : Planeta. |
| 505 ## - NOTA DE CONTENIDO | |
| Nota de contenido formateada | "Entonces yo sí, te garanto, te puedo contar cómo es la verdad de la milanesa, con las buenas y las malas, que no es lo que te contó el muchacho éste, que no sé si será amigo tuyo o qué será. Y te digo más, esto que te voy a contar no se lo he contado a nadie, porque si yo tengo algún defecto, ése es el de la discreción". El mayor de mis defectos y otros cuentos es un claro exponente de las distintas formas que toman los cuentos de Fontanarrosa: el absurdo, la ciencia ficción, la literatura, las historias del tango, la relación con la tecnología y, quizá sus preferidas, las semblanzas deportivas. Con una mirada aguda sobre los estereotipos argentinos y un oído atento a las inflexiones del habla coloquial, Fontanarrosa presenta personas inolvidables. |
| 590 ## - NOTAS LOCALES (RLIN) | |
| Nota local | Donación septiembre 2019. |
| 655 ## - MATERIA - GENERO/FORMA | |
| Género/Forma | Literatura |
| -- | 2917 |
| 942 ## - ADDED ENTRY ELEMENTS (KOHA) | |
| Source of classification or shelving scheme | Dewey Decimal Classification |
| Item type | LITERATURA |
| Estado de retiro | Existencia | Fuente de clasificación | Estado general | No para prestamo | Ubicación permanente | ubicación actual | Sala de ubicación | Fecha de adquisición | Fuente de adquisición | Total Checkouts | Número de clasificación | Código de barras | Date last seen | Número de ejemplar | Price effective from | Koha tipo de elemento (item) | Public note |
|---|---|---|---|---|---|---|---|---|---|---|---|---|---|---|---|---|---|
| Dewey Decimal Classification | Biblioteca Medicina | Biblioteca Medicina | Circulación | 16/09/2019 | Donación septiembre 2019. | 808 26 FON | 4579 | 16/09/2019 | Ej. 1 | 16/09/2019 | LITERATURA | Proyecto 4to libro Donación . Septiembre 2019. |